01292nam a2200265 a 4500001001000000005001700010008004100027041000800068044000700076084002200083245005900105260001700164300002500181500004500206500023300251500004300484500004700527500002800574500009700602506009200699546005000791600004300841651007500884651006700959BRCA_498220190320204903.0281010s1697----sp-######v---#000-0#spa-# aspa amx aDOC59b.D63c169710aDocumento firmado por el [Rey Carlos III]cCarlos III. aMadridc1697 a[1] fojac30 x 21 cm aDocumento firmado el 26 de marzo de 1697 aInstructivo dirigido a las autoridades religiosas para que los arzobispos, obispos y provinciales de religiones, faciliten la ejecución de los informes pedidos sobre el número y rentas de conventos de religiosas y religiosos aEl documento tiene la leyenda DOC. #69 a[Real cédula] firmada como ´Yo el Rey´ aPapel con marca de agua aEstado de conservación: Contiene dobleces en las esquinas e injerto en el margen izquierdo0 aFondo reservado: para su consulta es necesario credencial de usuario y carta de motivos aTexto en: español de finales del siglo XVII14aCarlosbIIcRey de Españad1661-1700 4aEspañavImpreso con rúbricasxHistoriayCasa de Austria, 1516-1700 4aMéxicovImpreso con rúbricasxHistoriayColonia, 1521-1821